01281nam a2200277 i 4500001000700000003000900007005001700016008004100033020003900074020003300113080002100146100005400167245011600221260007300337300003700410490009000447490004200537500001400579504003000593505011800623700002000741700002300761830009000784830004200874852008700916186763ES-MaACL20250921063040.0170213s2014 sp |||| | spa d a978-84-8489-779-8 (Iberoamericana) a978-3-95487-348-7 (Vervuert) a821.134.2-22"16"1 aBances Candamo, Francisco Antonio de, d1662-170410aPoesías cómicas. nI. n, 1 / cFrancisco A. Bances Candamo ; Blanca Oteiza, (editora general del volumen). aMadrid : bIberoamericana ; aFrankfurt am Main : bVervuert,c2014. a1 v. (772 p.) : bil. ; c24 cm.1 aObras completas de Francisco A. Bances Candamo ; v1 / dirigidas por Ignacio Arellano1 aBiblioteca áurea hispánica ; v92 aÍndice. aBibliografía: p. 13-37.8 aContiene: v. I, 1 ; tEl primer duelo del mundo ; tQuién es quien premia al amor ; tLa restauración de Buda1 aOteiza, Blanca.1 aArellano, Ignacio.0 aObras completas de Francisco A. Bances Candamo ; v1 / dirigidas por Ignacio Arellano0 aBiblioteca áurea hispánica ; v92 aES-MaACLjA-14027 bR.151298cDEPO1dOlim: N-7027hDonación: Casa de Velázquez